Top 50 Hottest Countries by Average Temperature - Statistics

General Stats
  • This quiz has been taken 455 times
  • The average score is 33 of 50
Answer Stats
Temperature (°C) Continent Answer % Correct
27.15°C Africa Niger
89%
26.55°C Africa Chad
85%
26.90°C Africa Sudan
85%
28.25°C Africa Mali
84%
26.80°C Africa Nigeria
84%
27.20°C Africa Ghana
78%
25.85°C Asia Indonesia
77%
25.60°C Asia Oman
77%
27.65°C Africa Mauritania
74%
27.85°C Africa Senegal
74%
27.05°C Africa Somalia
74%
27.15°C Africa Togo
74%
27.15°C Asia Qatar
73%
25.70°C Africa Guinea
72%
25.40°C Asia Malaysia
72%
27.00°C Asia United Arab Emirates
72%
27.55°C Africa Benin
69%
28.29°C Africa Burkina Faso
69%
27.60°C Oceania Palau
68%
26.70°C Oceania Samoa
68%
26.30°C Asia Thailand
68%
28.00°C Oceania Tuvalu
68%
27.50°C Africa Gambia
67%
27.40°C Oceania Marshall Islands
67%
26.35°C Africa Ivory Coast
66%
28.20°C Oceania Kiribati
66%
26.45°C Asia Singapore
66%
26.75°C Africa Guinea-Bissau
65%
25.40°C North America Panama
65%
26.05°C Africa Sierra Leone
65%
27.15°C Asia Bahrain
64%
25.50°C Africa Eritrea
64%
28.00°C Africa Djibouti
63%
25.85°C Oceania Federated States of Micronesia
63%
27.65°C Asia Maldives
63%
25.65°C Oceania Solomon Islands
62%
26.95°C Asia Sri Lanka
62%
25.85°C Asia Philippines
61%
26.00°C North America Barbados
59%
25,85°C North America Trinidad and Tobago
59%
26.80°C Asia Cambodia
58%
26.85°C Asia Brunei
56%
26.00°C South America Guyana
56%
25.50°C North America Saint Lucia
56%
25.70°C South America Suriname
55%
26.80°C North America Saint Vincent and the Grenadines
53%
27.15°C Africa Seychelles
53%
26.00°C North America Antigua and Barbuda
52%
26.65°C North America Grenada
51%
25.55°C Africa Comoros
49%
No matching quizzes found
Score Distribution
Percent of People with Each Score
Percentile by Number Answered
Your Score History
You have not taken this quiz